000 00867nam a2200229 a 4500
001 74284
003 BD-RjUL
005 20211209082530.0
008 180527s2017 ||||| |||| 00| 0 ben d
020 _a9789849257110
_cTk.450.00
035 _a(BD-RjUL)74502
040 _aBD-RjUL
_beng
_cBD-RjUL
041 _aben
082 _223
_a891.4409
_bAGR 2017
245 _aঅগ্রন্থিত রশীদ করিম
_cসম্পাদক ; হামিদ কায়সার
260 _aঢাকা :
_bজ়য়তী ,
_c২০১৭
300 _a২৪৭ পৃ. ;
_c২২ সেমি.
650 _aবাংলা সাহিত্য
_vইতিহাস ও সমালোচনা
_9221483
650 _aBengali Literature
_vHistory and Criticism
_9221484
700 _aকায়সার ,হামিদ
_9221485
942 _2ddc
_cBK
999 _c74284
_d74284